Southville International School and Colleges
Your cart is empty.
  • Cart
  • Lists
    Public lists Eva Luna New books Lux_list list_1
    Your lists Log in to create your own lists
  • Log in to your account
  • Your cookies
  • Search history
Southville International School and Colleges
  • Advanced search
  • Recent comments
  • Most popular
  • Libraries

Log in to your account

Log in with GOOGLE


If you do not have an external account, but do have a local account, you can still log in:

  1. Home
  2. MARC view: Dictionary of proverbs /
Normal view MARC view ISBD view

Dictionary of proverbs / (Record no. 357886)

[ view plain ]
MARC details
000 -LEADER
fixed length control field 00474nam a2200181Ia 4500
008 - FIXED-LENGTH DATA ELEMENTS--GENERAL INFORMATION
fixed length control field 180523s9999 xx 000 0 und d
020 ## - INTERNATIONAL STANDARD BOOK NUMBER
International Standard Book Number 978-81-7245-037-3
050 ## - LIBRARY OF CONGRESS CALL NUMBER
Classification number REF PN 6421
050 ## - LIBRARY OF CONGRESS CALL NUMBER
Item number .N45
100 ## - MAIN ENTRY--PERSONAL NAME
Personal name Nelson, Jens.
245 #0 - TITLE STATEMENT
Title Dictionary of proverbs /
245 #0 - TITLE STATEMENT
Statement of responsibility, etc Jens Nelson.
260 ## - PUBLICATION, DISTRIBUTION, ETC. (IMPRINT)
Place of publication, distribution, etc New Delhi, India :
260 ## - PUBLICATION, DISTRIBUTION, ETC. (IMPRINT)
Name of publisher, distributor, etc Goodwill Publishing House,
300 ## - PHYSICAL DESCRIPTION
Extent 202 pages :
300 ## - PHYSICAL DESCRIPTION
Dimensions 22 cm.
650 ## - SUBJECT ADDED ENTRY--TOPICAL TERM
Topical term or geographic name as entry element Proverbs, English -- Dictionaries.
Holdings
Withdrawn status Lost status Damaged status Home library Current library Shelving location Date acquired Cost, normal purchase price Total Checkouts Full call number Barcode Date last seen Price effective from Koha item type
      South Mansfield College South Mansfield College Reference Section 02/14/2017 254.60   REF PN 6421 .N45 SMC06095 05/23/2018 05/23/2018 Books

Dictionary of proverbs /

APA

Nelson J., .Dictionary of proverbs. New Delhi, India: .

Chicago

Nelson Jens, .Dictionary of proverbs. New Delhi, India: .

Harvard

Nelson J., .Dictionary of proverbs. New Delhi, India: .

MLA

Nelson Jens, .New Delhi, India: . .

  • Place hold
  • Print
  • Cite
  • Add to your cart (remove)
  • Save record
    BIBTEX Dublin Core MARCXML MARC (non-Unicode/MARC-8) MARC (Unicode/UTF-8) MARC (Unicode/UTF-8, Standard) MODS (XML) RIS
  • More searches
    Search for this title in:
    Other Libraries (WorldCat) Other Databases (Google Scholar) Online Stores (Bookfinder.com) Open Library (openlibrary.org)

Exporting to Dublin Core...

SOUTHVILLE LIBRARY

Southville International School and Colleges Library

1281 Tropical Ave. Cor. Luxembourg St., BF Homes International, Las Pinas City

Tel. No. 8256374 / 252358 Loc. 117/146

Powered by Koha